| 000 | 01645nam0a22003251 4500 | ||
|---|---|---|---|
| 001 | rc\4423802 | ||
| 005 | 20130416154559.3 | ||
| 021 |
_aRU _bРг6610-64 |
||
| 035 | _a(NLR Aleph) 008307720 | ||
| 090 |
_a8677011 _c8677011 |
||
| 100 | _a20130416d1964 |||y0rusy50 ca | ||
| 101 | 0 | _arus | |
| 102 | _aRU | ||
| 105 | _ay z ||||| | ||
| 200 | 1 |
_aЗнаменательные и юбилейные даты истории медицины 1965 года _e(Материалы к V науч. сессии ин-та) |
|
| 210 |
_aМосква _cБ. и. _d1964 |
||
| 215 |
_a[1], 19 с. _d21 |
||
| 225 | 1 |
_aМинистерство здравоохранения СССР. Институт организации здравоохранения и истории медицины им. Н.А. Семашко. Отдел истории медицины и советского здравоохранения. Материал _v№ 348 |
|
| 300 | _aНа 1 с. текста сост.: И.В. Венгрова, Т.Г. Полянская, Р.С. Рабинович, Е.Н. Фокина | ||
| 300 | _aОтпеч. множит. аппаратом | ||
| 702 | 1 |
_aПолянская _bТ. Г. _4220 |
|
| 702 | 1 |
_aРабинович _bР. С. _4220 |
|
| 702 | 1 |
_aВенгрова _bИ. В. _4220 |
|
| 702 | 1 |
_aФокина _bЕ. Н. _4220 |
|
| 712 | 0 | 2 | _aИнститут организации здравоохранения и истории медицины им. Н.А. Семашко (Москва). Научная сессия (5; 1964) |
| 801 | 0 |
_aRU _bNLR _gpsbo |
|
| 801 | 1 |
_aRU _bELAR _2rusmarc |
|
| 852 |
_aNLR _j64-4/15399 |
||
| 942 | _cBOOK | ||
| 980 | _aNB | ||